Top 50 Rappers With Most Monthly Listeners - Statistics

General Stats
  • This quiz has been taken 234 times
  • The average score is 22 of 50
Answer Stats
Hint Answer % Correct
2 Drake 78,264,925
98%
1 Kendrick Lamar 100,956,614
97%
3 Eminem 69,806,043
84%
6 Kanye West 63,779,333
79%
4 Travis Scott 69,556,804
75%
43 2Pac 25,566,745
71%
25 JAY-Z 34,021,249
70%
7 Future 61,920,178
68%
11 Lil Wayne 48,002,566
68%
49 The Notorious B.I.G. 24,496,512
68%
30 Lil Baby 30,854,030
66%
15 Nicki Minaj 45,139,851
66%
35 Snoop Dogg 28,960,485
66%
21 J. Cole 36,819,925
63%
14 21 Savage 45,633,945
62%
36 Lil Uzi Vert 28,610,012
61%
27 XXXTENTACION 33,632,505
61%
9 Playboi Carti 59,863,375
60%
22 50 Cent 36,528,815
59%
33 Juice WRLD 30,410,799
58%
38 Cardi B 28,006,439
57%
47 DaBaby 24,699.198
54%
13 Tyler, The Creator 46,882,421
54%
19 ASAP Rocky 37,364,902
50%
37 Young Thug 28,014,068
49%
28 Gunna 32,761,416
44%
12 Metro Boomin 47,455,933
43%
5 Post Malone 64,851,435
38%
45 Lil Tecca 25,081,485
36%
39 Megan Thee Stallion 26,362,625
35%
46 Central Cee 24,889,981
34%
24 Don Toliver 34,755,841
33%
44 Kodak Black 25,247,446
33%
10 Doja Cat 56,697,116
28%
40 Mac Miller 26,313,701
28%
48 Outkast 24,576,964
28%
17 Ty Dolla Sign 41,173,206
26%
50 Trippie Redd 24,357,712
24%
23 Wiz Khalifa 36,124,113
23%
32 Jack Harlow 30,454,855
21%
34 Childish Gambino 29,612,146
15%
26 Swae Lee 33,774,486
14%
8 Pitbull 61,208,460
13%
20 Flo Rida 36,987,243
11%
29 Macklemore 32,447,175
11%
41 Sexxy Red 26,162,210
11%
18 The Kid LAROI 37,576,391
11%
42 G-Eazy 25,573,721
9%
31 Akon 30,721,421
4%
16 Black Eyed Peas 43,395,919
2%
No matching quizzes found
Score Distribution
Percent of People with Each Score
Percentile by Number Answered
Your Score History
You have not taken this quiz